Blackburn Rovers Premier League XIs - Statistics

General Stats
  • This quiz has been taken 458 times
    299 since last reset
  • The average score is 31 of 82
Answer Stats
Answer % Correct
Alan Shearer
96%
Chris Sutton
87%
Tim Sherwood
81%
Tim Flowers
78%
Brad Friedel
74%
Graeme Le Saux
73%
David Dunn
69%
Henning Berg
68%
Paul Robinson
67%
Andy Cole
64%
Morten Gamst Pedersen
60%
Roque Santa Cruz
59%
Colin Hendry
58%
Jason Wilcox
57%
Stuart Ripley
57%
Dwight Yorke
56%
Damien Duff
55%
Phil Jones
55%
Christopher Samba
52%
Ian Pearce
50%
Tugay Kerimoğlu
50%
Damien Johnson
46%
David May
45%
Lucas Neill
45%
Benni McCarthy
44%
Kevin Gallacher
44%
Mark Atkins
43%
Yakubu Ayegbeni
43%
Brett Emerton
42%
David Batty
42%
David Bentley
42%
Robbie Savage
42%
Jason Roberts
40%
Mike Newell
39%
Bobby Mimms
38%
Craig Bellamy
38%
Ryan Nelsen
38%
Martin Taylor
36%
Matt Jansen
35%
El Hadji Diouf
34%
Jeff Kenna
34%
Stephen Warnock
34%
Alan Wright
33%
Garry Flitcroft
33%
Keith Gillespie
32%
Michel Salgado
31%
Martin Olsson
30%
Barry Ferguson
29%
David Hoilett
28%
Scott Dann
27%
Ashley Ward
25%
Gaël Givet
25%
Grant Hanley
24%
Stig Inge Bjørnebye
24%
André Ooijer
23%
Andy Todd
23%
John Filan
23%
Lars Bohinen
23%
Pascal Chimbonda
23%
Stéphane Henchoz
23%
Steven Reid
23%
Billy McKinlay
22%
Craig Short
22%
Michael Gray
22%
Paul Dickov
22%
Steven Nzonzi
22%
Aaron Mokoena
19%
Chris Coleman
19%
David Thompson
19%
Kevin Moran
19%
Callum Davidson
18%
Keith Andrews
18%
Mauro Formica
18%
Vratislav Greško
18%
Gordon Cowans
17%
Jon Stead
17%
Nils-Eric Johansson
17%
Zurab Khizanishvili
17%
Darren Peacock
16%
Dominic Matteo
16%
Jason Lowe
15%
Markus Babbel
15%
No matching quizzes found
Score Distribution
Percent of People with Each Score
Percentile by Number Answered
Your Score History
You have not taken this quiz since the last reset